|
|
|
|
| LEADER |
01170nam a2200385 4500 |
| 001 |
DLU090096831 |
| 005 |
##20091201 |
| 040 |
# |
# |
|a DLU
|b eng
|
| 041 |
# |
# |
|a eng
|
| 044 |
# |
# |
|a us
|
| 245 |
# |
# |
|a A biosensing system based on extracellular potential recording of ligand-gated ion channel function overexpressed in insect cells /
|c Tetsuya Haruyama ... [et al.].
|
| 653 |
# |
# |
|a Aminoacids
|
| 653 |
# |
# |
|a Biosensor
|
| 653 |
# |
# |
|a Cell function
|
| 653 |
# |
# |
|a Extracellular
|
| 653 |
# |
# |
|a Glutamate
|
| 653 |
# |
# |
|a Microelectrode
|
| 653 |
# |
# |
|a Potentiometry
|
| 700 |
# |
# |
|a Aizawa, Masuo.
|
| 700 |
# |
# |
|a Bongsebandhu-Phubhakdi, Saknan.
|
| 700 |
# |
# |
|a Haruyama, Tetsuya.
|
| 700 |
# |
# |
|a Keinenen, Kari.
|
| 700 |
# |
# |
|a Kobatake, Eiry.
|
| 700 |
# |
# |
|a Mottershead, David.
|
| 700 |
# |
# |
|a Nakamura, Ibuki.
|
| 773 |
# |
# |
|t Analytical Chemistry
|g Vol. 75, no. 4 (February 2003), p. 918-921
|
| 920 |
# |
# |
|a Phòng Tạp chí -- Trung tâm Thông tin - Thư viện Trường Đại học Đà Lạt
|
| 994 |
# |
# |
|a DLU
|
| 900 |
# |
# |
|a True
|
| 911 |
# |
# |
|a Trương Bảo Trâm Anh
|
| 925 |
# |
# |
|a G
|
| 926 |
# |
# |
|a A
|
| 927 |
# |
# |
|a BB
|
| 980 |
# |
# |
|a Thư viện Trường Đại học Đà Lạt
|